Top Freshwater Withdrawal Countries - Statistics

General Stats
  • This quiz has been taken 753 times
  • The average score is 11 of 15
Answer Stats
Water in km3/year Country % Correct
477 United States
98%
550 China
95%
77 Russia
93%
646 India
90%
59 Brazil
88%
78 Mexico
82%
88 Japan
81%
83 Indonesia
74%
169 Pakistan
68%
83 Thailand
62%
68 Egypt
60%
73 Iran
60%
79 Bangladesh
56%
71 Vietnam
56%
58 Uzbekistan
13%
No matching quizzes found
Score Distribution
Percent of People with Each Score
Percentile by Number Answered
Your Score History
You have not taken this quiz